000 01184nam a22002777a 4500
003 PE SENCICO BE
005 20251020182652.0
008 240207b |||||||| |||| 00| 0 eng d
040 _aPE SENCICO BE
_cPE SENCICO BE
041 _aspa
084 _aI
_aDIS
_a2017
_bC56
100 1 _91950
_aChincha Bravo, Diana Adela
_eautor
245 1 _aLos elementos visuales en el diseño de un departamento de soltero /
_cDiana Adela Chincha Bravo
260 _aLima :
_c2017
300 _a2 v. :
_bil. col., tabls.;
_c30 cm.
500 _aTexto en dos volúmenes. El volumen 2 contiene planos (40 x 60 cm.).
502 _aMonografía de Titulación.-- Servicio Nacional de Capacitación para la Industria de la Construcción. Escuela Superior Técnica. Carrera Profesional Técnica en Diseño de Interiores, 2017
650 1 0 _944
_aDiseño de interiores
650 2 0 _91800
_aAntropometría
650 2 0 _9460
_aComunicación visual
650 2 0 _9199
_aDistribución de espacios (viviendas)
650 2 0 _9615
_aPlanos
710 1 _aServicio Nacional de Capacitación para la Industria de la Construcción.
_bEscuela Superior Técnica
_91065
910 _bhfp
_chfp
942 _cMON
_2ddc
999 _c4563
_d4563